000 00335nam a2200145Ia 4500
001 R-1908
003 CODICE-MESSINA
005 20260212102524.0
008 260211s9999 xx 000 0 und d
040 _cimportazione_messina
100 _aDaoma Winston
245 0 _aSogno Proibito
260 _bGino Del Duca
942 _2ddc
_cBK
999 _c28416
_d28416